Famous British people throughout history - Statistics

General Stats
  • This quiz has been taken 226 times
  • The average score is 7 of 15
Answer Stats
Picture Answer % Correct
Sir Winston Churchill
96%
Stephen Hawking
84%
Florence Nightingale
83%
Horatio Nelson
80%
Sir David Attenborough
68%
Catherine, Duchess of Cambridge
67%
Audrey Hepburn
66%
Sir Anthony Hopkins
61%
Isambard Kingdom Brunel
45%
Charles Darwin
34%
Sir Steve Redgrave
15%
Aneurin Bevan
11%
Sir Ranulph Fiennes
11%
J.R.R Tolkien
4%
Sir Tim Burners-Lee
2%
No matching quizzes found
Score Distribution
Percent of People with Each Score
Percentile by Number Answered
Your Score History
You have not taken this quiz